[Event "Oskarja Memorial 10th"]
[Site "Chess.com INT"]
[Date "2021.01.16"]
[Round "1"]
[White "Vilke, Filip"]
[Black "Volf, Zdravko"]
[Result "1-0"]
[WhiteElo "1849"]
[BlackElo "1784"]
[PlyCount "67"]
[EventDate "2021.01.16"]
[EventType "swiss (blitz)"]
[EventRounds "15"]
[EventCountry "SLO"]
[SourceTitle "CBM 200 Extra"]
[Source "ChessBase"]
[SourceDate "2021.03.31"]
[SourceVersion "1"]
[SourceVersionDate "2021.03.31"]
[SourceQuality "1"]

1. Nf3 d6 2. g3 e5 3. Bg2 Nf6 4. 0-0 Be7 5. e3 0-0 6. d4 e4 7. Nfd2 d5 8. c4 c6 9. Nc3 Bg4 10. Qb3 Bc8 11. cxd5 cxd5 12. f3 exf3 13. Bxf3 Nc6 14. Nxd5 Na5 15. Nxe7+ Qxe7 16. Qc3 Bh3 17. Qxa5 Bxf1 18. Nxf1 b6 19. Qa3 Rac8 20. Qxe7 Rc2 21. Bd1 Rc6 22. Bb3 h6 23. Bd2 a5 24. Ba4 Re6 25. Qb7 h5 26. Rc1 h4 27. Rc8 hxg3 28. hxg3 Rxc8 29. Qxc8+ Kh7 30. Bc2+ g6 31. Nh2 Kg7 32. Nf3 Ng4 33. e4 Rf6 34. Bf4 1-0

[Event "Rijeka Paris Memorial 38th"]
[Site "Rijeka"]
[Date "2017.11.05"]
[Round "3"]
[White "Vilke, Filip"]
[Black "Rajter, Emil"]
[Result "1-0"]
[WhiteElo "1708"]
[BlackElo "1891"]
[PlyCount "83"]
[EventDate "2017.11.04"]
[EventType "swiss"]
[EventRounds "9"]
[EventCountry "CRO"]
[SourceTitle "CBM 181 Extra"]
[Source "ChessBase"]
[SourceDate "2017.12.12"]
[SourceVersion "1"]
[SourceVersionDate "2017.12.12"]
[SourceQuality "1"]

1. Nf3 Nf6 2. c4 e6 3. Nc3 Bb4 4. Qb3 Bxc3 5. Qxc3 0-0 6. d3 h6 7. b3 d5 8. Bb2 Nbd7 9. e3 b6 10. Be2 Bb7 11. 0-0 Re8 12. cxd5 exd5 13. Rac1 c5 14. Rfd1 d4 15. Qd2 dxe3 16. fxe3 Qe7 17. e4 Ng4 18. Nd4 Nge5 19. Nf5 Qe6 20. Rf1 Rad8 21. Qf4 Nf8 22. Qg3 Nfg6 23. h4 h5 24. Qg5 f6 25. Qg3 Re7 26. d4 cxd4 27. Bxh5 Nf8 28. Nxe7+ Qxe7 29. Bf3 Nd3 30. Rc7 Rd7 31. Rxd7 Nxd7 32. Bxd4 Bxe4 33. Bxe4 Qxe4 34. Ba1 Kh7 35. Qf3 N7c5 36. Qxe4+ Nxe4 37. Rd1 Ndc5 38. b4 Na6 39. a3 Nb8 40. Rd8 Nc6 41. Rc8 Ne7 42. Re8 1-0

[Event "Mediterranean op 9th"]
[Site "Rijeka"]
[Date "2017.02.17"]
[Round "8"]
[White "Franolic Kukina, Silvio"]
[Black "Vilke, Filip"]
[Result "0-1"]
[WhiteElo "1193"]
[BlackElo "1656"]
[PlyCount "48"]
[EventDate "2017.02.11"]
[EventType "swiss"]
[EventRounds "9"]
[EventCountry "CRO"]
[SourceTitle "CBM 177 Extra"]
[Source "ChessBase"]
[SourceDate "2017.04.27"]
[SourceVersion "1"]
[SourceVersionDate "2017.04.27"]
[SourceQuality "1"]

1. d4 f5 2. c4 Nf6 3. Nc3 e6 4. Bg5 c6 5. Nf3 d5 6. e3 Bd6 7. Ne5 0-0 8. Bd3 Qe8 9. Qb3 Nbd7 10. f4 Ne4 11. Bxe4 fxe4 12. cxd5 Bxe5 13. dxe6 Nc5 14. dxc5 Bxc3+ 15. bxc3 Bxe6 16. Qxb7 h6 17. Bh4 Qh5 18. g3 Qf3 19. Kd2 Rfd8+ 20. Bxd8 Rxd8+ 21. Kc2 Qg2+ 22. Kc1 Qxh1+ 23. Kc2 Qxa1 24. Qxa7 Rd1 0-1

[Event "Mediterranean op 9th"]
[Site "Rijeka"]
[Date "2017.02.16"]
[Round "7"]
[White "Vilke, Filip"]
[Black "Krajacic, Ivona"]
[Result "1/2-1/2"]
[WhiteElo "1656"]
[BlackElo "1620"]
[PlyCount "73"]
[EventDate "2017.02.11"]
[EventType "swiss"]
[EventRounds "9"]
[EventCountry "CRO"]
[SourceTitle "CBM 177 Extra"]
[Source "ChessBase"]
[SourceDate "2017.04.27"]
[SourceVersion "1"]
[SourceVersionDate "2017.04.27"]
[SourceQuality "1"]

1. Nf3 d5 2. g3 Bf5 3. Bg2 Nf6 4. 0-0 e6 5. d3 Nc6 6. Nbd2 h6 7. c3 Be7 8. h3 Rb8 9. Qe1 0-0 10. e4 dxe4 11. dxe4 Bh7 12. Qe3 Qd7 13. Nd4 Nxd4 14. cxd4 a6 15. Nb3 Rfe8 16. Bd2 Rbd8 17. Bc3 c6 18. Ba5 Rc8 19. Bb6 Bd8 20. Nc5 Qe7 21. Qb3 Bxb6 22. Qxb6 Rb8 23. Rad1 Qd8 24. Qb3 Qc7 25. Rc1 Nd7 26. d5 Nxc5 27. Rxc5 Qd6 28. Qb6 exd5 29. exd5 Be4 30. Rfc1 Bxg2 31. Kxg2 Re2 32. dxc6 bxc6 33. Qxa6 Rbxb2 34. Qc8+ Kh7 35. Qf5+ Qg6 36. Qxg6+ fxg6 37. Rf1 1/2-1/2

[Event "Mediterranean op 9th"]
[Site "Rijeka"]
[Date "2017.02.11"]
[Round "1"]
[White "Sajn, Simon"]
[Black "Vilke, Filip"]
[Result "1-0"]
[WhiteElo "2099"]
[BlackElo "1656"]
[PlyCount "88"]
[EventDate "2017.02.11"]
[EventType "swiss"]
[EventRounds "9"]
[EventCountry "CRO"]
[SourceTitle "CBM 177 Extra"]
[Source "ChessBase"]
[SourceDate "2017.04.27"]
[SourceVersion "1"]
[SourceVersionDate "2017.04.27"]
[SourceQuality "1"]

1. d4 Nf6 2. Nf3 c5 3. d5 d6 4. Nc3 e5 5. e4 Be7 6. Be2 Nbd7 7. 0-0 Nf8 8. a4 Ng6 9. Nd2 0-0 10. Nc4 h6 11. Re1 Rb8 12. g3 b6 13. Bf1 Ne8 14. Ne3 Bg5 15. Qh5 Nf6 16. Qf3 Bxe3 17. Bxe3 Bg4 18. Qg2 Ne8 19. f3 Bd7 20. Bb5 Nc7 21. f4 a6 22. Bxd7 Qxd7 23. f5 Nh8 24. g4 f6 25. h4 Nf7 26. Kf2 b5 27. a5 b4 28. Na4 Na8 29. b3 Nc7 30. Nb6 Qd8 31. Nc4 Nb5 32. Ke2 Nd4+ 33. Kd3 Nb5 34. Rh1 Qe7 35. Qh3 Rfd8 36. g5 fxg5 37. hxg5 Nxg5 38. Bxg5 Qxg5 39. Rag1 Qf4 40. Rf1 Qg5 41. Rhg1 Qf6 42. Rg6 Qf7 43. Qxh6 Kf8 44. Qg5 Rb7 1-0